ნორმალური ფორმატი
MARC ფორმატი
ჩანაწერი Personal Name
ჩანაწერთა რაოდენობა, რომელიც გამოყენებულია: 1
001 - CONTROL NUMBER
- control field: 6841
003 - CONTROL NUMBER IDENTIFIER
- control field: GE_BSU
005 - DATE AND TIME OF LATEST TRANSACTION
- control field: 20200206161111.0
008 - FIXED-LENGTH DATA ELEMENTS
- fixed length control field: 200206|| aca||aabn | a|a d
040 ## - CATALOGING SOURCE
- Original cataloging agency: GE_BSU
- Transcribing agency: GE_BSU
100 ## - HEADING--PERSONAL NAME
- Personal name: ქუთათელაძე, ლ.
- Relator term: მხატვარი
670 ## - SOURCE DATA FOUND
- Source citation: Work cat.: (GE_BSU)40297: გულისაშვილი, ზაქარია. 6840, მოთხრობები ნარკვევები :
